000 00394nam a22001217a 4500
082 _aTHE 200
100 _aYASIR MUSTAFA
_972639
245 _aTH-SOF-0968-DEPLOYMENT OF ENTERPRISE RESOURCE PLANNING (ERP) IN PAKISTAN BROADCASTING CORPORATIONS
260 _aNUST COLLEGE OF EME
_bISLAMABAD
_c2001
650 _a MS-EM-7 MSTHESIS
_969831
700 _aDR MOHSIN ISLAM TIWANA
_917344
942 _cCF
999 _c578634
_d578634